Die Gedichte.

Bibliographic Details
Main Author: Walther, von der Vogelweide, active 12th century
Other Authors: Kraus, Carl von, 1868-1952
Format: Book
Language:German
Published: Berlin : W. de Gruyter, 1950.
Edition:11. unveranderte Ausg.

MARC

Tag First Indicator Second Indicator Subfields
LEADER 00000cam a2200000 i 4500
001 in00000021993
005 20151007063823.0
008 800509s1950 wb 00000 ger d
035 |a (OCoLC)06301835 
035 |9 AAD8336AM 
040 |a KSU  |c KSU  |d TXA  |d UtOrBLW 
049 |a TXAM  |c [283376] 
090 |a PT1670.A1  |b K7 1950 
092 |a 831  |b W273f, 1950 
100 0 |a Walther,  |c von der Vogelweide,  |d active 12th century. 
245 1 4 |a Die Gedichte. 
250 |a 11. unveranderte Ausg.  |b mit Bezeichnung der Abweichungen von Lachmann und mit seinen Anmerkungen neu hrsg. von Carl v. Kraus. 
264 1 |a Berlin :  |b W. de Gruyter,  |c 1950. 
300 |a 243 pages 
336 |a text  |b txt  |2 rdacontent 
337 |a unmediated  |b n  |2 rdamedia 
338 |a volume  |b nc  |2 rdacarrier 
700 1 |a Kraus, Carl von,  |d 1868-1952. 
999 |a MARS 
999 f f |s badc7c13-cbbe-33f2-8b6c-1747d0d1425c  |i 556b7590-700b-3a06-9970-729cec9e60b8  |t 0 
952 f f |p ric  |a Texas A&M University  |b Rellis Campus  |c Joint Library Facility  |d Remote Storage  |t 0  |e PT1670.A1 K7 1950  |h Library of Congress classification  |i unmediated -- volume  |m A14801351867 
998 f f |a PT1670.A1 K7 1950  |t 0  |l Remote Storage